00594pam a2200169 a 45000010009000000050017000090080041000260200018000670500022000851000027001072450097001342500012002312600067002433000051003106500034003617000029003951665913920250317155102.0110218s2010 onca b 001 0 eng  a978019543166700aHM586 b.S84 20101 aSteckley, John,d1949-10aElements of sociology :ba critical Canadian introduction /cJohn Steckley, Guy Kirby Letts. a2nd ed. aDon Mills, Ont. ;aNew York :bOxford University Press,c2010. axxiii, 434 p. :bill. (chiefly col.) ;c28 cm. 0aSociologyzCanadavTextbooks.1 aLetts, Guy Kirby,d1961-